Tramways RTM (T1-T2-T3) - Statistics

General Stats
  • This quiz has been taken 6 times
  • The average score is 16 of 34
Answer Stats
Indice Arrêt % Correct
©M2-35/t-49-55-82 Joliette
100%
Air Bel
67%
©M1/2-B1-18-19-41-50-54-73-74 Castellane
67%
©M1-67 La Blancarde
67%
©9-10-12/b/s-91 Les Caillols
67%
©M2-T2-81 Noailles
67%
©M2-81 Canebière Garibaldi
67%
©M1-6-7/b/t Cinq Avenues
67%
Foch Boisson
67%
©72 Foch Sakakini
67%
©M1-T2-67 La Blancarde
67%
Longchamp
67%
National
67%
©M1-33-34-49 Réformés Canebière
67%
©55 Sadi Carnot
67%
©12/b/s-40 Sainte Pierre
67%
©70-82 Arenc Le Silo
33%
Belsunce Alcazar
33%
Camas
33%
Cours St Louis
33%
©74 Eugène Pierre
33%
Euroméditerranée Gantès
33%
©52 George
33%
La Boiseraie
33%
La Grognarde
33%
La Parette
33%
Place de Rome
33%
©55 République Dames
33%
Rome Dragon
33%
Sainte Thérèse
33%
William Booth
33%
Canebière Capucins
0%
©72 Jean Martin
0%
Rome Davso
0%
No matching quizzes found
Score Distribution
Percent of People with Each Score
Percentile by Number Answered
Your Score History
You have not taken this quiz